Statistics for Better Call Saul Trivia #QUXYZ

Click here to take the quiz!

General Stats

  • This quiz has been taken 18 times
  • The average score is 11 of 25

Answer Stats

HintAnswer% Correct
Lydia Rodarte - __QuayleQ
89%
Saul has to drink __ in the desertUrineU
89%
Amarillo is spanish for __, color of Jimmys carYellowY
89%
Country where the series takes placeUSAU
78%
Nearby state of AmericaUtahU
67%
"__ __ __ __, I save me" - Kim to JimmyYou dont save meY
67%
Jimmy hires a film crew, students of ___UNMU
56%
First episode of the seriesUnoU
56%
Werners surnameZieglerZ
56%
Actor of Steve Gomez: Steven Michael __QuezadaQ
44%
Mike is using __ __, he follows a trail of fluorescent fingerprints left behind by Betsy.UV lightU
44%
Type of drug, Saul uses from time to timeXanaxX
44%
Sandpiper residents are seen doing chair __YogaY
44%
Nacho is tied up with __Zip tiesZ
44%
One of the german workers flies to this city in europeZürichZ
44%
Nachos father owns this sort of shopUpholsteryU
33%
Ice station __ Associates is a made-up firm of Saul for tax evasionZebraZ
33%
Amount of money, Mike finds in the tires of a truckQuarter MillionQ
22%
Episode title in Season 4Quite A RideQ
22%
Alma May __ is a client of JimmysUrbanoU
22%
Driver of the Salamancas trucksXimenez LecerdaX
22%
Lalos chef in his homeYolandaY
22%
Works at Davis & MainYvonneY
22%
Expensive mexican tequilaZafira AnejoZ
22%
__ is associated with a legal or regulatory framework that governs the allocation or distribution of resources, opportunities, or privilegesQuotaQ
11%

Score Distribution

Percentile by Number Answered

Percent of People with Each Score

Your Score History

You have not taken this quiz